Images That Rhyme with 'TAKE' Quiz Stats

 Plays Quiz Updated Oct 15, 2018

Score 0/20 Timer 03:00
2 Plays Today
% Correct
snake
99.6%
bake
99.1%
cake
98.6%
steak
98.5%
flake
98.1%
rake
97.1%
lake
94.5%
Jake (Gyllenhaal)
87.2%
brake
87%
ache
86.7%
% Correct
wake
85.4%
break
83.6%
fake
83.3%
Drake
74.2%
(Master) Shake
71.8%
stake
69.4%
Blake (Lively)
62.5%
Quake
29.8%
hake
28.6%
crake
9.3%

You're not logged in!

Compare scores with friends on all Sporcle quizzes.
OR
Log In

You Might Also Like...

Show Comments

Extras

Top Quizzes Today


Score Distribution

Your Account Isn't Verified!

In order to create a playlist on Sporcle, you need to verify the email address you used during registration. Go to your Sporcle Settings to finish the process.

Report this User

Report this user for behavior that violates our Community Guidelines.

Details: